[Event "GER-ch"]
[Site "Magdeburg"]
[Date "2020.08.16"]
[Round "1"]
[White "Dobrikov, Marco"]
[Black "Stern, Rene"]
[Result "1-0"]
[WhiteElo "2290"]
[BlackElo "2526"]
[EventDate "2020.08.16"]
[PlyCount "81"]

1. e4 e5 2. Nf3 Nc6 3. Bc4 Nf6 4. Ng5 d5 5. exd5 Na5 6. Bb5+ c6 7. dxc6 bxc6 8. Be2 h6 9. Nh3 Bd6 10. Nc3 O-O 11. d3 Nd5 12. O-O Nxc3 13. bxc3 Qh4 14. Kh1 Re8 15. Be3 Bxh3 16. gxh3 f5 17. Rg1 f4 18. Rg4 Qf6 19. Bd2 e4 20. Qg1 Be5 21. d4 Bc7 22. Rg6 Qf7 23. Qg4 Kh7 24. Rg1 Rg8 25. f3 Raf8 26. fxe4 f3 27. Bd3 f2 28. Rf1 Nc4 29. e5 Nxd2 30. Rxg7+ Kh8 31. Rxf7 Rxf7 32. Qh5 Kg7 33. Qxf7+ Kxf7 34. Rxf2+ Ke7 35. Rxd2 Ba5 36. Be4 Bxc3 37. Rd3 Ba1 38. Bxc6 Rd8 39. c3 Rb8 40. d5 Rb1+ 41. Kg2 1-0

[Event "GER-ch"]
[Site "Magdeburg"]
[Date "2020.08.16"]
[Round "1"]
[White "Engel, Luis"]
[Black "Schulz, Lukas"]
[Result "1-0"]
[WhiteElo "2532"]
[BlackElo "2293"]
[EventDate "2020.08.16"]
[PlyCount "45"]

1. e4 c5 2. Nf3 Nc6 3. Bb5 g6 4. Bxc6 dxc6 5. d3 Bg7 6. h3 e5 7. a4 a5 8. Na3 Qe7 9. Nc4 Ra6 10. Bd2 Nf6 11. O-O O-O 12. Ncxe5 Nxe4 13. dxe4 Bxe5 14. Nxe5 Qxe5 15. Bc3 Qxe4 16. Re1 Qf4 17. g3 Qf5 18. Qd2 Qxh3 19. Re4 b5 20. Rae1 b4 21. Bf6 Qf5 22. Be7 Be6 23. g4 1-0

[Event "GER-ch"]
[Site "Magdeburg"]
[Date "2020.08.16"]
[Round "1"]
[White "Florstedt, Johannes"]
[Black "Bindrich, Falko"]
[Result "1/2-1/2"]
[WhiteElo "2350"]
[BlackElo "2605"]
[EventDate "2020.08.16"]
[PlyCount "105"]

1. e4 c6 2. Nf3 d5 3. Nc3 dxe4 4. Nxe4 Nf6 5. Qe2 Nxe4 6. Qxe4 Nd7 7. Bc4 Nf6 8. Ne5 e6 9. Qe2 b5 10. Bb3 Qc7 11. d4 Bd6 12. a4 b4 13. O-O O-O 14. Re1 a5 15. h4 Ba6 16. Bc4 Bxc4 17. Nxc4 Be7 18. Qf3 Nd5 19. Bg5 c5 20. Bxe7 Nxe7 21. dxc5 Qxc5 22. b3 Nf5 23. Re5 Qc7 24. Qf4 Ne7 25. Qg3 Qd8 26. h5 Nf5 27. Qg4 Qc7 28. Qf4 Qd8 29. Qg4 h6 30. Rd1 Qc7 31. g3 Ne7 32. Rd6 Rfd8 33. Rxd8+ Qxd8 34. Rb5 Nd5 35. Qf3 Qc7 36. Kg2 Ra6 37. Qe4 Ra8 38. Qe5 Qc6 39. Rb8+ Kh7 40. Kg1 f6 41. Qe4+ f5 42. Qe5 Rxb8 43. Qxb8 Nc3 44. Ne5 Ne2+ 45. Kh2 Qc5 46. Nd3 Qc6 47. Ne5 Qc5 48. Nd3 Qxc2 49. Qe8 Qxd3 50. Qg6+ Kh8 51. Qe8+ Kh7 52. Qg6+ Kh8 53. Qe8+ 1/2-1/2

[Event "GER-ch"]
[Site "Magdeburg"]
[Date "2020.08.16"]
[Round "1"]
[White "Graf, Alexander"]
[Black "Ehmann, Thilo"]
[Result "1-0"]
[WhiteElo "2569"]
[BlackElo "2329"]
[EventDate "2020.08.16"]
[PlyCount "132"]

1. Nf3 c5 2. c4 Nf6 3. Nc3 d5 4. cxd5 Nxd5 5. e3 e6 6. d4 cxd4 7. exd4 Nxc3 8. bxc3 Be7 9. Bd3 Nc6 10. Qc2 h6 11. O-O O-O 12. Qe2 Re8 13. Bf4 Bd6 14. Ne5 Nxe5 15. dxe5 Bf8 16. Rad1 Qe7 17. Bc2 Rd8 18. Qg4 Rxd1 19. Rxd1 g6 20. h4 Bg7 21. h5 g5 22. Be3 Bd7 23. Qe4 Bb5 24. c4 Be8 25. Rd6 Rc8 26. c5 Bc6 27. Qh7+ Kf8 28. Be4 Bxe4 29. Qxe4 Qc7 30. g3 Kg8 31. f4 gxf4 32. gxf4 Kh8 33. f5 Rg8 34. Kf1 Bf8 35. Ke2 Qa5 36. fxe6 Qxa2+ 37. Bd2 Bxd6 38. exd6 Qa6+ 39. Kf2 Qa1 40. exf7 Qg1+ 41. Ke2 Rg2+ 42. Kd3 Qb1+ 43. Kc3 Rg3+ 44. Kd4 Qb2+ 45. Kd5 Qb3+ 46. Qc4 Rd3+ 47. Ke5 Qxc4 48. f8=Q+ Kh7 49. Qxh6+ Kg8 50. Qg5+ Kh7 51. Qe7+ Kg8 52. Qd8+ Kh7 53. Qc7+ Kg8 54. Qc8+ Kh7 55. Qxb7+ Kg8 56. Qa8+ Kh7 57. Qxa7+ Kg8 58. Qb8+ Kh7 59. Qc7+ Kg8 60. Qc8+ Kh7 61. Qf5+ Kh8 62. Kf6 Rg3 63. Bg5 Qg8 64. d7 Qg7+ 65. Ke6 Qg8+ 66. Qf7 Qxg5 1-0

[Event "GER-ch"]
[Site "Magdeburg"]
[Date "2020.08.16"]
[Round "1"]
[White "Heinemann, Thies"]
[Black "Bastian, Herbert"]
[Result "1-0"]
[WhiteElo "2507"]
[BlackElo "2272"]
[EventDate "2020.08.16"]
[PlyCount "101"]

1. e4 e5 2. Nf3 Nc6 3. Bb5 Nf6 4. d3 d6 5. c3 g6 6. O-O Bg7 7. Re1 O-O 8. Nbd2 Nd7 9. Nf1 a6 10. Ba4 Nc5 11. Bxc6 bxc6 12. d4 exd4 13. cxd4 Ne6 14. d5 cxd5 15. exd5 Nc5 16. Nd4 Bb7 17. Ne3 Re8 18. b4 Na4 19. Qxa4 Bxd4 20. Rb1 Bxd5 21. Rd1 Qg5 22. Nxd5 Qxd5 23. Be3 c5 24. bxc5 dxc5 25. Bxd4 cxd4 26. Rxd4 Qf5 27. Rf1 Re2 28. h4 Qe6 29. a3 h5 30. Rf4 Rc8 31. Qd4 Ra2 32. a4 Qe2 33. Rb1 Rf8 34. Kh2 Rd2 35. Qf6 Rd7 36. Rb6 Ra7 37. Qd6 Re8 38. Rb8 Rae7 39. g3 Rxb8 40. Qxb8+ Kg7 41. Qb6 Re6 42. Qa7 Re7 43. Qd4+ Qe5 44. Qd8 Re6 45. Kg2 Rd6 46. Qc7 Qd5+ 47. Kh2 Rd7 48. Qc3+ Kg8 49. Qc8+ Kg7 50. Qxa6 Rc7 51. Qf6+ 1-0

[Event "GER-ch"]
[Site "Magdeburg"]
[Date "2020.08.16"]
[Round "1"]
[White "Hundack, Rolf"]
[Black "Hess, Max"]
[Result "0-1"]
[WhiteElo "2126"]
[BlackElo "2378"]
[EventDate "2020.08.16"]
[PlyCount "98"]

1. d4 Nf6 2. Nf3 g6 3. g3 Bg7 4. Bg2 O-O 5. O-O d6 6. b3 c5 7. Bb2 cxd4 8. Nxd4 d5 9. Na3 e5 10. Nf3 e4 11. Nd4 Nc6 12. c4 Re8 13. Rc1 Bg4 14. h3 Bd7 15. cxd5 Nxd5 16. Nc4 Nxd4 17. Bxd4 Bc6 18. Bxg7 Kxg7 19. Qd4+ Qf6 20. Rfd1 Rad8 21. Qxf6+ Nxf6 22. Nd6 Rf8 23. g4 h6 24. Nc4 Rfe8 25. Nd6 Rf8 26. Nc4 Bb5 27. e3 Bxc4 28. Rxd8 Rxd8 29. Rxc4 Rd1+ 30. Bf1 b5 31. Rc5 a6 32. a4 Nd7 33. Rc7 Ne5 34. axb5 axb5 35. Kg2 Nf3 36. Re7 Rc1 37. Rxe4 Nd2 38. Re5 Nxf1 39. Rxb5 Nd2 40. b4 Rc2 41. Re5 Rb2 42. b5 Kf6 43. Rc5 Ne4 44. Rc6+ Ke5 45. h4 Rxf2+ 46. Kg1 Rb2 47. h5 gxh5 48. gxh5 Nd6 49. b6 Kd5 0-1

[Event "GER-ch"]
[Site "Magdeburg"]
[Date "2020.08.16"]
[Round "1"]
[White "Koellner, Ruben Gideon"]
[Black "Falke, Isaak"]
[Result "1-0"]
[WhiteElo "2376"]
[BlackElo "2113"]
[EventDate "2020.08.16"]
[PlyCount "49"]

1. d4 f5 2. Bg5 g6 3. Nc3 Bg7 4. h4 Nf6 5. e3 d6 6. h5 Nxh5 7. Rxh5 h6 8. Bc4 gxh5 9. Bh4 c6 10. Qxh5+ Kd7 11. Qg6 Qf8 12. Be6+ Kc7 13. Bxc8 Kxc8 14. Qe6+ Kd8 15. Qxd6+ Nd7 16. Qb4 b6 17. Nge2 Bf6 18. Bg3 Qf7 19. Qa4 Rc8 20. O-O-O a5 21. d5 c5 22. Nf4 Bxc3 23. bxc3 Qf6 24. d6 e5 25. Bh4 1-0

[Event "GER-ch"]
[Site "Magdeburg"]
[Date "2020.08.16"]
[Round "1"]
[White "Michalowski, Peter"]
[Black "Andre, Gordon"]
[Result "0-1"]
[WhiteElo "2106"]
[BlackElo "2373"]
[EventDate "2020.08.16"]
[PlyCount "100"]

1. e4 c6 2. d4 d5 3. e5 Bf5 4. Nf3 e6 5. Be2 Ne7 6. Nbd2 h6 7. O-O Nd7 8. Nb3 g5 9. a4 a5 10. Be3 Bg7 11. c3 O-O 12. Qd2 Bh7 13. h4 g4 14. Nh2 h5 15. Bh6 Nf5 16. Bxg7 Kxg7 17. g3 f6 18. exf6+ Rxf6 19. Rfe1 Qc7 20. Nf1 e5 21. Qg5+ Bg6 22. Bxg4 hxg4 23. h5 Raf8 24. Ne3 Nxe3 25. Rxe3 e4 26. Qxg4 R8f7 27. Re2 Nf8 28. Nd2 Kh8 29. hxg6 Rxg6 30. Qh5+ Rh7 31. Qe5+ Qxe5 32. dxe5 Rgh6 33. Nf1 Ne6 34. f4 exf3 35. Rh2 Ng5 36. Rxh6 Rxh6 37. Kf2 Kg7 38. b4 axb4 39. cxb4 Rh1 40. Rb1 Kf7 41. b5 cxb5 42. axb5 Ke6 43. Re1 b6 44. g4 Ne4+ 45. Kxf3 Kxe5 46. Kg2 Rh8 47. Ne3 Rc8 48. g5 Rg8 49. Rd1 Rxg5+ 50. Kf3 Rg3+ 0-1

[Event "GER-ch"]
[Site "Magdeburg"]
[Date "2020.08.16"]
[Round "1"]
[White "Muckle, Julius"]
[Black "Gustain, Marc"]
[Result "1-0"]
[WhiteElo "2386"]
[BlackElo "2173"]
[EventDate "2020.08.16"]
[PlyCount "43"]

1. d4 d5 2. c4 dxc4 3. Nf3 Nf6 4. e3 e6 5. Bxc4 a6 6. O-O b5 7. Bb3 Bb7 8. a4 Nbd7 9. Qe2 b4 10. Nbd2 c5 11. e4 cxd4 12. e5 Nd5 13. Ne4 Qb8 14. a5 Nxe5 15. Ba4+ Nd7 16. Nxd4 Qd8 17. Bg5 N5f6 18. Nxf6+ gxf6 19. Nxe6 fxe6 20. Qxe6+ Be7 21. Bxf6 Rf8 22. Rfe1 1-0

[Event "GER-ch"]
[Site "Magdeburg"]
[Date "2020.08.16"]
[Round "1"]
[White "Mueller, Dominik"]
[Black "Parvanyan, Ashot"]
[Result "0-1"]
[WhiteElo "2252"]
[BlackElo "2449"]
[EventDate "2020.08.16"]
[PlyCount "72"]

1. c4 Nf6 2. Nc3 g6 3. g3 Bg7 4. Bg2 O-O 5. Nf3 d6 6. d3 e5 7. Rb1 a5 8. O-O Nc6 9. a3 h6 10. b4 axb4 11. axb4 Be6 12. b5 Ne7 13. Qb3 Qc8 14. Ba3 Qd7 15. b6 c6 16. Ra1 Rfd8 17. Nd2 Bh3 18. Nde4 Ne8 19. Bxh3 Qxh3 20. f4 Qe6 21. fxe5 Bxe5 22. Bb2 Rxa1 23. Rxa1 Nf5 24. Nd1 Nd4 25. Qa4 Nxe2+ 26. Kg2 f5 27. Nef2 Nf6 28. Qc2 Nd4 29. Bxd4 Bxd4 30. Ra7 Rb8 31. Qa2 Nd7 32. Ra8 Qe8 33. Rxb8 Qxb8 34. c5+ d5 35. Qe2 Qe5 36. Qa2 Bxc5 0-1

[Event "GER-ch"]
[Site "Magdeburg"]
[Date "2020.08.16"]
[Round "1"]
[White "Neurohr, Juergen"]
[Black "Braun, Georg"]
[Result "0-1"]
[WhiteElo "2022"]
[BlackElo "2360"]
[EventDate "2020.08.16"]
[PlyCount "46"]

1. c4 e6 2. d4 Nf6 3. g3 d5 4. Bg2 Be7 5. Nf3 O-O 6. O-O dxc4 7. Na3 Bxa3 8. bxa3 b5 9. a4 a6 10. Ba3 Re8 11. Ne5 Nd5 12. e4 Nf6 13. f4 Bb7 14. f5 Nc6 15. fxe6 fxe6 16. Bb2 Nxe5 17. dxe5 Nd7 18. Qh5 Qe7 19. Rad1 Rf8 20. Rf4 Rxf4 21. gxf4 b4 22. f5 c3 23. f6 Qc5+ 0-1

[Event "GER-ch"]
[Site "Magdeburg"]
[Date "2020.08.16"]
[Round "1"]
[White "Nguyen, Alex Dac Vuong"]
[Black "Geue, Niklas"]
[Result "1/2-1/2"]
[WhiteElo "2366"]
[BlackElo "2050"]
[EventDate "2020.08.16"]
[PlyCount "70"]

1. e4 e6 2. d4 d5 3. Nc3 Nf6 4. e5 Nfd7 5. f4 c5 6. Nf3 Nc6 7. Be3 a6 8. Qd2 b5 9. Be2 Qb6 10. Nd1 a5 11. dxc5 Bxc5 12. Bxc5 Nxc5 13. Nf2 O-O 14. Nd4 Ba6 15. Nxc6 Qxc6 16. O-O b4 17. b3 Bxe2 18. Qxe2 a4 19. Qd2 Qb6 20. Qd4 Rfb8 21. Rfb1 h6 22. g3 Ra6 23. bxa4 Rxa4 24. Nd3 Nxd3 25. Qxb6 Rxb6 26. cxd3 Rc6 27. Rb2 Rc3 28. Rd1 Raa3 29. Rbd2 b3 30. axb3 Rcxb3 31. Kf2 Rb4 32. Ke3 Re4+ 33. Kf2 Rb4 34. Ke3 Re4+ 35. Kf2 Rb4 1/2-1/2

[Event "GER-ch"]
[Site "Magdeburg"]
[Date "2020.08.16"]
[Round "1"]
[White "Pfreundt, Jakob"]
[Black "Tschernatsch, Johannes"]
[Result "1-0"]
[WhiteElo "2397"]
[BlackElo "2241"]
[EventDate "2020.08.16"]
[PlyCount "63"]

1. c4 Nf6 2. Nc3 d5 3. cxd5 Nxd5 4. g3 Nxc3 5. bxc3 g6 6. Bg2 Bg7 7. Rb1 c6 8. h4 h5 9. Nf3 O-O 10. O-O e5 11. Ba3 Re8 12. Ng5 Bf6 13. f4 exf4 14. gxf4 b6 15. e4 Bxg5 16. fxg5 Qd3 17. Qf3 Qxf3 18. Rxf3 Be6 19. Rb2 c5 20. d4 cxd4 21. cxd4 Rd8 22. d5 Bg4 23. Rf4 Nd7 24. Rbf2 Ne5 25. Bf1 Rac8 26. Bb2 Re8 27. Bb5 Re7 28. d6 Re6 29. d7 Rd8 30. Bxe5 Rxe5 31. Rxf7 Rf5 32. Re7 1-0

[Event "GER-ch"]
[Site "Magdeburg"]
[Date "2020.08.16"]
[Round "1"]
[White "Schulte, Felix"]
[Black "Miller, Eduard"]
[Result "0-1"]
[WhiteElo "2174"]
[BlackElo "2392"]
[EventDate "2020.08.16"]
[PlyCount "104"]

1. d4 f5 2. g3 Nf6 3. Bg2 e6 4. Nh3 d5 5. O-O Bd6 6. c4 O-O 7. b3 c6 8. Nd2 Nbd7 9. Nf3 h6 10. Nf4 Bxf4 11. Bxf4 g5 12. Bd6 Rf7 13. Qd3 Ne4 14. Ba3 Qa5 15. Bb2 b6 16. Ne5 Nxe5 17. dxe5 b5 18. cxd5 cxd5 19. g4 b4 20. gxf5 exf5 21. Rfc1 Kh7 22. Rc6 Bb7 23. Rc2 Nc5 24. Qd2 Qb5 25. Rac1 Ne6 26. e3 a5 27. Bf1 Qd7 28. Bd3 d4 29. f3 Bxf3 30. exd4 Bd5 31. Qf2 Nf4 32. Bf1 Bb7 33. Rc5 a4 34. Qe3 Ne6 35. Bb5 Qe7 36. R5c2 f4 37. Bd3+ Kg8 38. Qh3 axb3 39. axb3 Ra2 40. Bc4 Bc8 41. Qxh6 f3 42. Rf2 g4 43. d5 Rh7 44. Qd2 g3 45. Rxf3 Qa7+ 46. Kf1 gxh2 47. Qg2+ Rg7 48. Qxh2 Rxb2 49. Rf2 Rxf2+ 50. Qxf2 Rf7 51. Rc2 Rxf2+ 52. Rxf2 Qa1+ 0-1

[Event "GER-ch"]
[Site "Magdeburg"]
[Date "2020.08.16"]
[Round "1"]
[White "Siebrecht, Sebastian"]
[Black "Trifan, Andrei Ioan"]
[Result "1-0"]
[WhiteElo "2417"]
[BlackElo "2249"]
[EventDate "2020.08.16"]
[PlyCount "59"]

1. d4 Nf6 2. c4 g6 3. Nc3 Bg7 4. e4 d6 5. Nge2 O-O 6. Ng3 c5 7. d5 e6 8. Be2 exd5 9. cxd5 a6 10. a4 Nbd7 11. O-O Re8 12. f4 Rb8 13. Ra3 Qc7 14. Bc4 h5 15. e5 dxe5 16. f5 Nb6 17. d6 Qc6 18. Bxf7+ Kxf7 19. fxg6+ Ke6 20. Nf5 Rg8 21. Ne7 Qxd6 22. Qxd6+ Kxd6 23. Nxg8 Nxg8 24. Rf7 Bh6 25. Bxh6 Nxh6 26. Rf8 Kc7 27. g7 Nc4 28. Nd5+ Kd6 29. Rg3 Kxd5 30. Rg6 1-0

[Event "GER-ch"]
[Site "Magdeburg"]
[Date "2020.08.16"]
[Round "1"]
[White "Voege, Tobias"]
[Black "Mons, Leon"]
[Result "1/2-1/2"]
[WhiteElo "2326"]
[BlackElo "2540"]
[EventDate "2020.08.16"]
[PlyCount "120"]

1. d4 Nf6 2. c4 e6 3. Nf3 b6 4. Nc3 Bb4 5. Bg5 h6 6. Bh4 g5 7. Bg3 Ne4 8. Qc2 Bb7 9. e3 f5 10. Bd3 Bxc3+ 11. bxc3 d6 12. d5 Na6 13. Bxe4 fxe4 14. Qxe4 Qf6 15. O-O O-O-O 16. Qxe6+ Qxe6 17. dxe6 Bxf3 18. gxf3 Nc5 19. f4 gxf4 20. Bxf4 Rdg8+ 21. Kh1 Nxe6 22. Bg3 h5 23. f3 h4 24. Be1 h3 25. Bg3 Rh5 26. Rae1 Rc5 27. e4 Rxc4 28. Re3 Nc5 29. Rd1 Na4 30. Rdd3 Rg5 31. e5 dxe5 32. Rxe5 Rxe5 33. Bxe5 Nc5 34. Rd4 Rxc3 35. Rd8+ Kxd8 36. Bxc3 Nd3 37. Kg1 Kd7 38. Kf1 Ke6 39. Bd2 Kf5 40. Ke2 Ne5 41. Kf2 c5 42. Kg3 b5 43. Be3 c4 44. Bxa7 c3 45. Be3 Nd3 46. Kxh3 b4 47. Kg2 c2 48. Kf1 c1=Q+ 49. Bxc1 Nxc1 50. Ke1 Nxa2 51. Kd2 Ke5 52. Kc2 Nc3 53. Kb3 Nd5 54. Kc4 Kf5 55. h4 Kf4 56. Kb3 Kxf3 57. h5 Nf6 58. h6 Kf4 59. Kxb4 Kg5 60. h7 Nxh7 1/2-1/2

[Event "GER-ch"]
[Site "Magdeburg"]
[Date "2020.08.16"]
[Round "1"]
[White "Weber, Max"]
[Black "Dubiel, Jacek [POL]"]
[Result "0-1"]
[WhiteElo "2243"]
[BlackElo "2414"]
[EventDate "2020.08.16"]
[PlyCount "78"]

1. d4 d5 2. c4 e6 3. Nf3 Nf6 4. g3 dxc4 5. Bg2 c6 6. Ne5 Bb4+ 7. Bd2 Be7 8. e3 b5 9. a4 b4 10. Nxc4 Nbd7 11. O-O Ba6 12. Qb3 Rb8 13. Rd1 c5 14. Be1 Qc7 15. Nbd2 O-O 16. Rac1 cxd4 17. exd4 Rbc8 18. Rc2 Nb6 19. Rdc1 Qd8 20. Nxb6 Qxb6 21. Rxc8 Rxc8 22. Rxc8+ Bxc8 23. Nc4 Qxd4 24. Bxb4 Bxb4 25. Qxb4 h5 26. b3 Ng4 27. Qd2 Qa1+ 28. Bf1 Ba6 29. Qd8+ Kh7 30. Qa5 Bxc4 31. Qxh5+ Nh6 32. bxc4 Qxa4 33. c5 g6 34. Qf3 Qc2 35. c6 a5 36. Bd3 Qc1+ 37. Kg2 a4 38. Qe4 a3 39. Bc4 Nf5 0-1

[Event "GER-ch"]
[Site "Magdeburg"]
[Date "2020.08.17"]
[Round "2"]
[White "Andre, Gordon"]
[Black "Siebrecht, Sebastian"]
[Result "1-0"]
[WhiteElo "2373"]
[BlackElo "2417"]
[EventDate "2020.08.16"]
[PlyCount "205"]

1. d4 Nf6 2. c4 c5 3. d5 b5 4. cxb5 a6 5. b6 Qxb6 6. Nc3 d6 7. e4 g6 8. Nf3 Bg7 9. Be2 O-O 10. O-O Bg4 11. Nd2 Bxe2 12. Qxe2 Nbd7 13. Nc4 Qc7 14. Bg5 Rfe8 15. Rad1 Nb6 16. Ne3 Qd7 17. f4 Na4 18. Nxa4 Qxa4 19. Nc4 Rad8 20. b3 Qd7 21. h3 e6 22. dxe6 Qxe6 23. e5 dxe5 24. Rxd8 Rxd8 25. fxe5 Re8 26. Rd1 Nd7 27. Rd6 Qf5 28. Qf1 Qxg5 29. Rxd7 Rf8 30. Qe2 h5 31. Qd2 Qf5 32. Qd3 Qf4 33. g3 Qc1+ 34. Kg2 Bxe5 35. Qd2 Qa1 36. Re7 Bc3 37. Qf2 Bd4 38. Re1 Qc3 39. Qf1 Qc2+ 40. Re2 Qd3 41. Re7 Qc2+ 42. Re2 Qc3 43. Nd6 Qd3 44. Qf3 Qxf3+ 45. Kxf3 Rd8 46. Nc4 Kf8 47. g4 hxg4+ 48. hxg4 Bf6 49. Rc2 Rd3+ 50. Ke4 Rd4+ 51. Kf3 Ke7 52. Na5 Rd5 53. Re2+ Kd7 54. Nc4 Rd3+ 55. Ke4 Rg3 56. Kf4 Rg1 57. Rd2+ Bd4 58. Ne5+ Ke6 59. Nf3 Rf1 60. Re2+ Kd5 61. Re7 g5+ 62. Kg3 f6 63. Rd7+ Kc6 64. Ra7 Kb6 65. Rf7 a5 66. a4 Kc6 67. Nd2 Rd1 68. Nc4 Rd3+ 69. Kg2 Bc3 70. Re7 Kd5 71. Ne3+ Kd6 72. Nf5+ Kc6 73. Re3 Rd2+ 74. Kf3 Be5 75. Ne7+ Kd7 76. Nf5 Bd4 77. Re7+ Kd8 78. Rb7 Rf2+ 79. Ke4 Rf4+ 80. Kd5 Be5 81. Nh6 Kc8 82. Rb5 Kd7 83. Rxa5 Rf3 84. Ra7+ Bc7 85. Rb7 Kc8 86. Kc6 Be5 87. Nf7 Bf4 88. a5 c4 89. bxc4 Ra3 90. Rb5 Bc7 91. c5 Ra4 92. Nd6+ Bxd6 93. cxd6 Rc4+ 94. Rc5 Rxg4 95. a6 Rg1 96. a7 Ra1 97. Kb6+ Kd7 98. Ra5 Rb1+ 99. Kc5 Rc1+ 100. Kd5 Rd1+ 101. Ke4 Re1+ 102. Kf5 Re8 103. a8=Q 1-0

[Event "GER-ch"]
[Site "Magdeburg"]
[Date "2020.08.17"]
[Round "2"]
[White "Bastian, Herbert"]
[Black "Michalowski, Peter"]
[Result "1-0"]
[WhiteElo "2272"]
[BlackElo "2106"]
[EventDate "2020.08.16"]
[PlyCount "51"]

1. e4 e6 2. d4 d5 3. e5 c5 4. c3 Nc6 5. Nf3 Bd7 6. dxc5 Bxc5 7. Bd3 Nge7 8. Qe2 Ng6 9. b4 Bb6 10. b5 Na5 11. h4 f6 12. Bxg6+ hxg6 13. Qd3 f5 14. Bf4 Qc7 15. Nbd2 Rc8 16. Rc1 Qc5 17. Be3 Qa3 18. O-O Bxe3 19. Qxe3 Bxb5 20. Rfe1 Nc4 21. Qg5 Kf7 22. Nd4 Bd7 23. N2f3 b6 24. Qg3 Rhe8 25. h5 gxh5 26. Qh4 1-0

[Event "GER-ch"]
[Site "Magdeburg"]
[Date "2020.08.17"]
[Round "2"]
[White "Bindrich, Falko"]
[Black "Voege, Tobias"]
[Result "1-0"]
[WhiteElo "2605"]
[BlackElo "2326"]
[EventDate "2020.08.16"]
[PlyCount "49"]

1. Nf3 d5 2. d4 e6 3. Bf4 Nf6 4. e3 Be7 5. Nbd2 O-O 6. Bd3 c5 7. c3 Nc6 8. Ne5 Nxe5 9. dxe5 Nd7 10. Qh5 f5 11. g4 c4 12. Bc2 Nc5 13. Nf3 Ne4 14. Rg1 b5 15. gxf5 Rxf5 16. Qg4 Rf7 17. Rd1 Qf8 18. Nd4 Bc5 19. Nxe6 Qe7 20. Qxg7+ Rxg7 21. Rxg7+ Qxg7 22. Nxg7 Nxf2 23. Kxf2 Kxg7 24. Rxd5 Bb6 25. Rd6 1-0

[Event "GER-ch"]
[Site "Magdeburg"]
[Date "2020.08.17"]
[Round "2"]
[White "Braun, Georg"]
[Black "Pfreundt, Jakob"]
[Result "1/2-1/2"]
[WhiteElo "2360"]
[BlackElo "2397"]
[EventDate "2020.08.16"]
[PlyCount "193"]

1. d4 Nf6 2. Bg5 e6 3. e4 h6 4. Bxf6 Qxf6 5. c3 d6 6. Bd3 e5 7. Ne2 g6 8. O-O Bg7 9. f4 Qe7 10. Nd2 Nd7 11. Nf3 O-O 12. Qd2 a6 13. Rae1 b5 14. b4 Bb7 15. fxe5 dxe5 16. a3 Qd6 17. Qc2 Rad8 18. a4 c5 19. axb5 axb5 20. Bxb5 cxd4 21. Kh1 Nf6 22. cxd4 Bxe4 23. dxe5 Bxc2 24. exd6 Rxd6 25. Rc1 Be4 26. Nc3 Ba8 27. Bc4 Ng4 28. Rfe1 Nf2+ 29. Kg1 Nd3 30. Bxd3 Rxd3 31. Ne4 Rb3 32. Nd6 Rxb4 33. Ne8 Bxf3 34. gxf3 Bd4+ 35. Kg2 Rb8 36. Nd6 Rfd8 37. Ne4 Rb2+ 38. Kh3 Be5 39. Ng3 Rd5 40. Rb1 Rbd2 41. Re2 Kg7 42. Rbe1 Rxe2 43. Rxe2 f5 44. Kg2 Kf6 45. Rc2 Kg5 46. Ne2 Bd6 47. Ra2 Rd3 48. h3 f4 49. Rc2 Be5 50. Nc1 Rd5 51. Nb3 Rd3 52. Nc5 Ra3 53. Ne4+ Kh4 54. Rd2 Ra5 55. Rd3 h5 56. Rd2 Bb8 57. Rb2 Ba7 58. Rc2 Bd4 59. Rd2 Be3 60. Rb2 Ra4 61. Rc2 Rb4 62. Ra2 Bb6 63. Rc2 Ba7 64. Ra2 Bb8 65. Rd2 Be5 66. Rc2 g5 67. Re2 Bb8 68. Nf2 Rb3 69. Rc2 Ba7 70. Ra2 Bb6 71. Rc2 Bxf2 72. Rxf2 Ra3 73. Rb2 g4 74. hxg4 hxg4 75. fxg4 Kxg4 76. Rb8 Ra2+ 77. Kg1 Kg3 78. Rg8+ Kf3 79. Rf8 Ra1+ 80. Kh2 Rf1 81. Ra8 Re1 82. Rf8 Re7 83. Kg1 Rg7+ 84. Kf1 Kg3 85. Ke2 Re7+ 86. Kf1 Rh7 87. Kg1 Kf3 88. Rf6 Rb7 89. Rf8 Rb1+ 90. Kh2 Rf1 91. Ra8 Re1 92. Rf8 Re4 93. Kg1 Ke2 94. Kg2 f3+ 95. Rxf3 Rg4+ 96. Rg3 Rxg3+ 97. Kxg3 1/2-1/2

[Event "GER-ch"]
[Site "Magdeburg"]
[Date "2020.08.17"]
[Round "2"]
[White "Dubiel, Jacek [POL]"]
[Black "Dobrikov, Marco"]
[Result "0-1"]
[WhiteElo "2414"]
[BlackElo "2290"]
[EventDate "2020.08.16"]
[PlyCount "52"]

1. e4 c5 2. Nf3 d6 3. d4 cxd4 4. Qxd4 Nc6 5. Bb5 Bd7 6. Qd3 Nf6 7. c4 a6 8. Bxc6 Bxc6 9. Nc3 e6 10. O-O Be7 11. Nd4 O-O 12. b3 Qa5 13. Bb2 Rfd8 14. Rfe1 Bf8 15. Rad1 Qh5 16. Re3 d5 17. cxd5 exd5 18. e5 Ne4 19. Rh3 Qxe5 20. f3 Bc5 21. Kf1 Bd7 22. Rh4 Be7 23. Nxd5 Bxh4 24. fxe4 Qxh2 25. Nf3 Qh1+ 26. Ng1 Bb5 0-1

[Event "GER-ch"]
[Site "Magdeburg"]
[Date "2020.08.17"]
[Round "2"]
[White "Geue, Niklas"]
[Black "Florstedt, Johannes"]
[Result "0-1"]
[WhiteElo "2050"]
[BlackElo "2350"]
[EventDate "2020.08.16"]
[PlyCount "66"]

1. Nf3 c5 2. c4 Nc6 3. g3 g6 4. Bg2 Bg7 5. Nc3 d6 6. d3 e6 7. O-O Nge7 8. Rb1 O-O 9. a3 b6 10. Bg5 h6 11. Bd2 Bb7 12. b4 Qd7 13. Re1 g5 14. e4 Rae8 15. b5 Nd4 16. Nxd4 cxd4 17. Ne2 f5 18. f4 g4 19. Bb4 h5 20. a4 h4 21. Nc1 h3 22. Bh1 Rf7 23. Nb3 e5 24. Bd2 exf4 25. gxf4 Ng6 26. exf5 Rxe1+ 27. Qxe1 Bxh1 28. fxg6 Re7 29. Qf2 Ba8 30. Nxd4 g3 31. hxg3 Bxd4 32. Qxd4 h2+ 33. Kf2 Re2+ 0-1

[Event "GER-ch"]
[Site "Magdeburg"]
[Date "2020.08.17"]
[Round "2"]
[White "Hess, Max"]
[Black "Heinemann, Thies"]
[Result "1/2-1/2"]
[WhiteElo "2378"]
[BlackElo "2507"]
[EventDate "2020.08.16"]
[PlyCount "83"]

1. e4 c5 2. Nc3 a6 3. Nge2 d6 4. g3 b5 5. Bg2 Bb7 6. d4 cxd4 7. Nxd4 e6 8. O-O Nf6 9. Re1 Qc7 10. a4 bxa4 11. Nd5 exd5 12. exd5+ Kd8 13. Bg5 Nbd7 14. Rxa4 h6 15. Bd2 a5 16. Qa1 Nxd5 17. Bxa5 N5b6 18. Nb5 Qb8 19. Qa2 d5 20. Bh3 Rxa5 21. Rxa5 Bb4 22. Rd1 Bxa5 23. Qxa5 Bc6 24. Nd4 Ba8 25. c4 Qc7 26. Nb5 Qxc4 27. Bxd7 Kxd7 28. Qxb6 Qc6 29. Qa7+ Bb7 30. Nd4 Qa6 31. Qxa6 Bxa6 32. Nf5 g6 33. Rxd5+ Ke6 34. Ne3 Rb8 35. Rd2 Bb7 36. Kf1 Bf3 37. Ke1 g5 38. Rc2 f5 39. Nc4 Kd5 40. Ne3+ Ke6 41. Nc4 Be4 42. Rc3 1/2-1/2

[Event "GER-ch"]
[Site "Magdeburg"]
[Date "2020.08.17"]
[Round "2"]
[White "Miller, Eduard"]
[Black "Graf, Alexander"]
[Result "0-1"]
[WhiteElo "2392"]
[BlackElo "2569"]
[EventDate "2020.08.16"]
[PlyCount "154"]

1. e4 c5 2. Nf3 d6 3. d4 cxd4 4. Nxd4 Nf6 5. Nc3 e6 6. Be3 a6 7. Bc4 b5 8. Bb3 Bb7 9. f3 Nbd7 10. a3 Rc8 11. Qd2 Ne5 12. O-O-O Be7 13. g4 O-O 14. g5 Nfd7 15. Nxe6 fxe6 16. Bxe6+ Kh8 17. f4 Nc4 18. Bxc4 Rxc4 19. b3 Rc8 20. Nd5 Nc5 21. Bxc5 Rxc5 22. Rhe1 Bxd5 23. exd5 Qd7 24. Qd4 Rf5 25. Re6 Bf8 26. Qe4 Qf7 27. Rd4 Rc8 28. h4 g6 29. Qe3 Qc7 30. c4 Qc5 31. b4 Qa7 32. Kb1 bxc4 33. h5 Bg7 34. Rxc4 Ra8 35. Rc8+ Bf8 36. Qxa7 Rxa7 37. h6 Rxf4 38. Rxd6 Kg8 39. Rdd8 Raf7 40. d6 Rd4 41. Rc6 Rf2 42. d7 Kf7 43. Rcc8 Be7 44. Rh8 Rd1+ 45. Rc1 Rxc1+ 46. Kxc1 Bxg5+ 47. Kb1 Rd2 48. Rxh7+ Ke6 49. a4 Bf6 50. b5 axb5 51. axb5 Rb2+ 52. Kc1 Rxb5 53. Rg7 Rd5 54. Rxg6 Rxd7 55. Kc2 Rh7 56. Kd3 Kf5 57. Rg8 Rxh6 58. Rf8 Rh4 59. Ke3 Rh3+ 60. Ke2 Ke5 61. Rf7 Bg5 62. Rg7 Kf5 63. Rg8 Bf4 64. Re8 Be5 65. Re7 Ke4 66. Re8 Rh2+ 67. Kd1 Kd4 68. Re7 Ra2 69. Ke1 Bg3+ 70. Kf1 Kd3 71. Re8 Bf4 72. Re7 Be3 73. Re8 Rf2+ 74. Ke1 Rf7 75. Rd8+ Bd4 76. Rd5 Ra7 77. Kf1 Rg7 0-1